Statistics for Every Golden Globe Nominee for Best Supporting Actress in a Film

Click here to take the quiz!

General Stats

  • This quiz has been taken 11 times
  • The average score is 189 of 380

Answer Stats

YearFilmActor% Correct
1999Girl, InterruptedAngelina Jolie
100%
2012Les MisérablesAnne Hathaway
100%
2004The AviatorCate Blanchett
100%
2007I'm Not ThereCate Blanchett
100%
2006Notes on a ScandalCate Blanchett
100%
2000TrafficCatherine Zeta-Jones
100%
2006The Devil Wears PradaEmily Blunt
100%
2023OppenheimerEmily Blunt
100%
2018The FavouriteEmma Stone
100%
2014BirdmanEmma Stone
100%
2010The King's SpeechHelena Bonham Carter
100%
2003American SplendorHope Davis
100%
1976Taxi DriverJodie Foster
100%
2023NyadJodie Foster
100%
2020The MauritanianJodie Foster
100%
1959Imitation of LifeJuanita Moore
100%
1992Husbands and WivesJudy Davis
100%
2023May DecemberJulianne Moore
100%
2009A Single ManJulianne Moore
100%
1997Boogie NightsJulianne Moore
100%
2008The ReaderKate Winslet
100%
2015Steve JobsKate Winslet
100%
2001IrisKate Winslet
100%
1995Sense and SensibilityKate Winslet
100%
2019BombshellMargot Robbie
100%
1979Kramer vs. KramerMeryl Streep
100%
2004The Manchurian CandidateMeryl Streep
100%
2014Into the WoodsMeryl Streep
100%
1978The Deer HunterMeryl Streep
100%
2002Adaptation.Meryl Streep
100%
2010Black SwanMila Kunis
100%
2007AtonementSaoirse ROnan
100%
1998The MightySharon Stone
100%
1994Pulp FictionUma Thurman
100%
2008DoubtViola Davis
100%
2016FencesViola Davis
100%
2018ViceAmy Adams
90%
2010The FighterAmy Adams
90%
2008DoubtAmy Adams
90%
2012The MasterAmy Adams
90%
1958The Defiant OnesCara Williams
90%
2020Hillbilly ElegyGlenn Close
90%
2022Everything Everywhere All at OnceJamie Lee Curtis
90%
1960PsychoJanet Leigh
90%
2015The Hateful EightJennifer Jason Leigh
90%
2013August: Osage CountyJulia Roberts
90%
2007Charlie Wilson's WarJulia Roberts
90%
1989Steel MagnoliasJulia Roberts
90%
2014The Imitation GameKeira Knightley
90%
2021The Power of the DogKirsten Dunst
90%
1994Interview with the VampireKirsten Dunst
90%
2019Marriage StoryLaura Dern
90%
201312 Years a SlaveLupita Nyong'o
90%
2016Manchester by the SeaMichelle Williams
90%
2005Brokeback MountainMichelle Williams
90%
2016LionNicole Kidman
90%
1991Billy BathgateNicole Kidman
90%
2012The PaperboyNicole Kidman
90%
2016Hidden FiguresOctavia Spencer
90%
2017The Shape of WaterOctavia Spencer
90%
2011The HelpOctavia Spencer
90%
2020The FatherOlivia Colman
90%
2009NinePenélope Cruz
90%
2008Vicky Christina BarcelonaPenélope Cruz
90%
2005The Constant GardenerRachel Weisz
90%
2018The FavouriteRachel Weisz
90%
2005Match PointScarlett Johansson
90%
1960The Dark at the Top of the StairsShirley Knight
90%
1962Sweet Bird of YouthShirley Knight
90%
1990GhostWhoopi Goldberg
90%
2015Ex MachinaAlicia Vikander
80%
2020MankAmanda Seyfried
80%
2022Black Panther: Wakanda ForeverAngela Bassett
80%
1989ScandalBridget Fonda
80%
2002Gangs of New YorkCameron Diaz
80%
1999Being John MalkovichCameron Diaz
80%
2001Vanilla SkyCameron Diaz
80%
2012The SessionsHelen Hunt
80%
2001Gosford ParkHelen Mirren
80%
2015TrumboHelen Mirren
80%
2003ThirteenHolly Hunter
80%
2015YouthJane Fonda
80%
1981On Golden PondJane Fonda
80%
2001A Beautiful MindJennifer Connelly
80%
2006DreamgirlsJennifer Hudson
80%
2013American HustleJennifer Lawrence
80%
1998Shakespeare in LoveJudi Dench
80%
2000ChocolatJudi Dench
80%
2000Almost FamousKate Hudson
80%
2002About SchmidtKathy Bates
80%
1998Primary ColorsKathy Bates
80%
2019Richard JewellKathy Bates
80%
1951A Streetcar Named DesireKim Hunter
80%
1983The Year of Living DangerouslyLinda Hunt
80%
2004CloserNatalie Portman
80%
1999Anywhere But HereNatalie Portman
80%
1967In the Heat of the NightQuentin Dean
80%
2003Cold MountainRenée Zellweger
80%
2023SaltburnRosamund Pike
80%
2012LincolnSally Field
80%
2017I, TonyaAllison Janney
70%
2009Up in the AirAnna Kendrick
70%
1993The PianoAnna Paquin
70%
2021West Side StoryAriana DeBose
70%
2023The HoldoversDa'Vine Joy Randolph
70%
1957Peyton PlaceHope Lange
70%
1974The Towering InfernoJennifer Jones
70%
1982TootsieJessica Lange
70%
1997L.A. ConfidentialKim Basinger
70%
1984The NaturalKim Basinger
70%
2010The FighterMelissa Leo
70%
2009PreciousMo'Nique
70%
1985The Color PurpleOprah Winfrey
70%
2018If Beale Street Could TalkRegina King
70%
1961West Side StoryRita Moreno
70%
1994Forrest GumpRobin Wright
70%
1960Elmer GantryShirley Jones
70%
2007Michael ClaytonTilda Swinton
70%
1993The Age of InnocenceWinona Ryder
70%
1990MermaidsWinona Ryder
70%
2021King RichardAunjanue Ellis
60%
1975NashvilleBarbara Harris
60%
2011The ArtistBérénice Bejo
60%
1979Starting OverCandice Bergen
60%
2022She SaidCarey Mulligan
60%
1983SilkwoodCher
60%
1982Come Back to the 5 & Dime, Jimmy Dean, Jimmy DeanCher
60%
1971The Last Picture ShowEllen Burstyn
60%
1993In the Name of the FatherEmma Thompson
60%
2005North CountryFrances McDormand
60%
2000Almost FamousFrances McDormand
60%
1953MogamboGrace Kelly
60%
2017DownsizingHong Chau
60%
2010Animal KingdomJacki Weaver
60%
2019HustlersJennifer Lopez
60%
2014A Most Violent YearJessica Chastain
60%
2011The HelpJessica Chastain
60%
1996The English PatientJuliette Binoche
60%
2022The Banshees of InisherinKerry Condon
60%
1973The ExorcistLinda Blair
60%
1986A Room with a ViewMaggie Smith
60%
2001Gosford ParkMaggie Smith
60%
1995Mighty AphroditeMira Sorvino
60%
2016MoonlightNaomie Harris
60%
1987MoonstruckOlympia Dukakis
60%
2014BoyhoodPatricia Arquette
60%
1965The Sound of MusicPeggy Wood
60%
1976CarriePiper Laurie
60%
2002ChicagoQueen Latifah
60%
2013Blue JasmineSally Hawkins
60%
1988Working GirlSigourney Weaver
60%
1997The Ice StormSigourney Weaver
60%
1994Prêt-à-PorterSophia Loren
60%
2009Up in the AirVera Farmiga
60%
2006BabelAdriana Barraza
50%
2007Gone Baby GoneAmy Ryan
50%
1962The Manchurian CandidateAngela Lansbury
50%
1945The Picture of Dorian GrayAngela Lansbury
50%
1995The Crossing GuardAnjelica Huston
50%
1985Prizzi's HonorAnjelica Huston
50%
2019The ReportAnnette Bening
50%
1967Guess Who's Coming to DinnerBeah Richards
50%
1984Swing ShiftChristine Lahti
50%
2023The Color PurpleDanielle Brooks
50%
1997TitanicGloria Stuart
50%
1969Cactus FlowerGoldie Hawn
50%
1996The CrucibleJoan Allen
50%
1961Judgment at NurembergJudy Garland
50%
2013NebraskaJune Squibb
50%
2004KinseyLaura Linney
50%
2017Lady BirdLaurie Metcalf
50%
1975NashvilleLily Tomlin
50%
2001In the BedroomMarisa Tomei
50%
2008The WrestlerMarisa Tomei
50%
2017MudboundMary J. Blige
50%
1981RagtimeMary Steenburgen
50%
1980Melvin and HowardMary Steenburgen
50%
1991The Fisher KingMercedes Ruehl
50%
1992DamageMiranda Richardson
50%
2006BabelRinko Kikuchi
50%
2005In Her ShoesShirley MacLaine
50%
1990Postcards from the EdgeShirley MacLaine
50%
1965Boeing BoeingThelma Ritter
50%
1951The Mating SeasonThelma Ritter
50%
1950All About EveThelma Ritter
50%
1971Carnal KnowledgeAnn-Margret
40%
1977Joseph AndrewsAnn-Margret
40%
1967Thoroughly Modern MillieCarol Channing
40%
1999Being John MalkovichCatherine Keener
40%
1971The Last Picture ShowCloris Leachman
40%
1974Alice Doesn't Live Here AnymoreDiane Ladd
40%
1990Wild at HeartDiane Ladd
40%
1991Rambling RoseDiane Ladd
40%
1986Hannah and Her SistersDianne Wiest
40%
1989ParenthoodDianne Wiest
40%
1994Bullets over BroadwayDianne Wiest
40%
1966You're a Big Boy NowGeraldine Page
40%
1972Pete 'n' TillieGeraldine Page
40%
1991Fried Green TomatoesJessica Tandy
40%
1962Hemingway's Adventures of a Young ManJessica Tandy
40%
1997In & OutJoan Cusack
40%
1950HarveyJosephine Hull
40%
2000Billy ElliotJulie Walters
40%
1996The Mirror Has Two FacesLauren Bacall
40%
1964Zorba the GreekLila Kedrova
40%
1990GoodfellasLorraine Bracco
40%
1998Gods and MonstersLynn Redgrave
40%
1996Secrets & LiesMarianne Jean-Baptiste
40%
1981RedsMaureen Stapleton
40%
1971Plaza SuiteMaureen Stapleton
40%
1958LonelyheartsMaureen Stapleton
40%
1978InteriorsMaureen Stapleton
40%
1970AirportMaureen Stapleton
40%
1963HudPatricia Neal
40%
1984A Passage to IndiaPeggy Ashcroft
40%
1965Inside Daisy CloverRuth Gordon
40%
1968Rosemary's BabyRuth Gordon
40%
2011The DescendantsShailene Woodley
40%
1959The Diary of Anne FrankShelley Winters
40%
1966AlfieShelley Winters
40%
1976Next Stop, Greenwich VillageShelley Winters
40%
1972The Poseidon AdventureShelley Winters
40%
2002Igby Goes DownSusan Sarandon
40%
1970The HawaiiansTina Chen
40%
1977JuliaVanessa Redgrave
40%
1987Prick Up Your EarsVanessa Redgrave
40%
2004SidewaysVirginia Madsen
40%
1996The Portrait of a LadyBarbara Hershey
30%
1988The Last Temptation of ChristBarbara Hershey
30%
1976Silent MovieBernadette Peters
30%
1998Little VoiceBrenda Blethyn
30%
1989My Left FootBrenda Fricker
30%
1980Raging BullCathy Moriarty
30%
1947Gentleman's AgreementCeleste Holm
30%
1999Boys Don't CryChloë Sevigny
30%
1963The PrizeDiane Baker
30%
2022Triangle of SadnessDolly de Leon
30%
1984Irreconcilable DifferencesDrew Barrymore
30%
1959The Nun's StoryEdith Evans
30%
1961The Children's HourFay Bainter
30%
2011Albert NobbsJanet McTeer
30%
1972The Heartbreak KidJeannie Berlin
30%
1991Cape FearJuliette Lewis
30%
1974The Great GatsbyKaren Black
30%
1970Five Easy PiecesKaren Black
30%
1976Voyage of the DamnedKatharine Ross
30%
1995Apollo 13Kathleen Quinlan
30%
1943For Whom the Bell TollsKatina Paxinou
30%
1976Voyage of the DamnedLee Grant
30%
1967In the Heat of the NightLee Grant
30%
1970The LandlordLee Grant
30%
1975ShampooLee Grant
30%
1951Detective StoryLee Grant
30%
1984SongwriterLesley Ann Warren
30%
1982Victor/VictoriaLesley Ann Warren
30%
1977The Turning PointLeslie Browne
30%
1974Young FrankensteinMadeline Kahn
30%
1973Paper MoonMadeline Kahn
30%
1963The V.I.P.sMargaret Rutherford
30%
2003The CoolerMaria Bello
30%
1996The Evening StarMarion Ross
30%
1984Body DoubleMelanie Griffith
30%
1949All the King's MenMercedes McCambridge
30%
1957SayonaraMiyoshi Umeki
30%
2003Pieces of AprilPatricia Clarkson
30%
1962The Miracle WorkerPatty Duke
30%
1993Carlito's WayPenelope Ann Miller
30%
2021PassingRuth Negga
30%
1999Sweet and LowdownSamantha Morton
30%
1966Who's Afraid of Virginia Woolf?Sandy Dennis
30%
1969Goodbye, Mr. ChipsSiân Phillips
30%
1985Kiss of the Spider WomanSônia Braga
30%
1988Moon Over ParadorSônia Braga
30%
1969They Shoot Horses, Don't They?Susannah York
30%
1958Separate TablesWendy Hiller
30%
1963Toys in the AtticWendy Hiller
30%
1964Hush...Hush, Sweet CharlotteAgnes Moorehead
20%
1944Mrs. ParkingtonAgnes Moorehead
20%
1992Passion FishAlfre Woodard
20%
1987Fatal AttractionAnne Archer
20%
1946The Razor's EdgeAnne Baxter
20%
1987Throw Momma from the TrainAnne Ramsey
20%
1968Finian's RainbowBarbara Hancock
20%
1980Coal Miner's DaughterBeverly D'Angelo
20%
1975Jacqueline Susann's Once Is Not EnoughBrenda Vaccaro
20%
1969Midnight CowboyBrenda Vaccaro
20%
2021BelfastCaitríona Balfe
20%
1978A WeddingCarol Burnett
20%
1986Mona LisaCathy Tyson
20%
2018First ManClaire Foy
20%
1980Urban CowboyDebra Winger
20%
1971The HospitalDiana Rigg
20%
1978Heaven Can WaitDyan Cannon
20%
1964The CarpetbaggersElizabeth Ashley
20%
1957Witness for the ProsecutionElsa Lanchester
20%
1964The Night of the IguanaGrayson Hall
20%
2020News of the WorldHelena Zengel
20%
1958GigiHermione Gingold
20%
1962The Music ManHermione Gingold
20%
1984Under the VolcanoJacqueline Bisset
20%
1979Kramer vs. KramerJane Alexander
20%
1968The Lion in WinterJane Merrow
20%
1977Opening NightJoan Blondell
20%
1965The Cincinnati KidJoan Blondell
20%
1981Only When I LaughJoan Hackett
20%
1983Gorky ParkJoanna Pacula
20%
1992Enchanted AprilJoan Plowright
20%
1966HawaiiJocelyne LaGarde
20%
1965OthelloJoyce Redman
20%
1950Adam's RibJudy Holliday
20%
1952High NoonKaty Jurado
20%
1962The InternsKaye Stevens
20%
1985WitnessKelly McGillis
20%
1982FrancesKim Stanley
20%
1981Only When I LaughKristy McNichol
20%
1982My Favorite YearLainie Kazan
20%
1988The Unbearable Lightness of BeingLena Olin
20%
1986Crocodile DundeeLinda Kozlowski
20%
1969Hello, Dolly!Marianne McAndrew
20%
1976Marathon ManMarthe Keller
20%
1986The Color of MoneyMary Elizabeth Mastrantonio
20%
1990Dances with WolvesMary McDonnell
20%
1960Sons and LoversMary Ure
20%
1985Agnes of GodMeg Tilly
20%
1952Viva Zapata!Mildred Dunnock
20%
1956Baby DollMildred Dunnock
20%
1957Peyton PlaceMildred Dunnock
20%
1987Gaby: A True StoryNorma Aleandro
20%
1956The Bad SeedPatty McCormack
20%
1958Auntie MamePeggy Cass
20%
1977The Goodbye GirlQuinn Cummings
20%
1975NashvilleRonee Blakley
20%
1993FearlessRosie Perez
20%
1970M*A*S*HSally Kellerman
20%
1968The Heart Is a Lonely HunterSondra Locke
20%
1959Imitation of LifeSusan Kohner
20%
1962Freud: The Secret PassionSusan Kohner
20%
1962Mutiny on the BountyTarita Teriipaia
20%
1983Tender MerciesTess Harper
20%
1973Day for NightValentina Cortese
20%
1979Chapter TwoValerie Harper
20%
1966AlfieVivien Merchant
20%
1968For Love of IvyAbbey Lincoln
10%
1985Twice in a LifetimeAmy Madigan
10%
1964The Best ManAnn Sothern
10%
1983Never Say Never AgainBarbara Carrera
10%
1974MameBeatrice Arthur
10%
1988BirdDiane Venora
10%
1956Written on the WindDorothy Malone
10%
1948I Remember MamaEllen Corby
10%
1959Take a Giant StepEstelle Hemsley
10%
1962The Pigeon That Took RomeGabriella Pallotta
10%
1992ChaplinGeraldine Chaplin
10%
1975NashvilleGeraldine Chaplin
10%
1952The Bad and the BeautifulGloria Grahame
10%
1957The Story of Esther CostelloHeather Sears
10%
1972Kansas City BomberHelena Kallianiotes
10%
1960From the TerraceIna Balin
10%
1954The High and the MightyJan Sterling
10%
1963Tom JonesJoan Greenwood
10%
1973A Delicate BalanceKate Reid
10%
1979Promisees in the DarkKathleen Beller
10%
1995Something to Talk AboutKyra Sedgwick
10%
1989Sex, Lies, and VideotapeLaura San Giacomo
10%
1977RoselandLilia Skala
10%
1963Lilies of the FieldLilia Skala
10%
1967The ComediansLillian Gish
10%
1963America AmericaLinda Marsh
10%
1963A Global AffairLiselotte Pulver
10%
1961The Roman Spring of Mrs. StoneLotte Lenya
10%
1980The Jazz SingerLucie Arnaz
10%
1972CabaretMarisa Berenson
10%
1955The Rose TattooMarisa Pavan
10%
1956Friendly PersuasionMarjorie Main
10%
1962Billy Rose's JUmboMartha Raye
10%
1978StevieMona Washbourne
10%
1961One, Two, ThreePamela Tiffin
10%
1967Far from the Madding CrowdPrunella Ransome
10%
1973Summer Wishes, Winter DreamsSylvia Sidney
10%
1956The Bad SeedEileen Eckhart
0%

Score Distribution

Percentile by Number Answered

Percent of People with Each Score

Your Score History

You have not taken this quiz